ბათუმის შოთა რუსთაველის სახელმწიფო უნივერსიტეტის ბიბლიოთეკა

5S для офиса : (ბიბ.ჩანაწერი № 62559)

000 -LEADER
fixed length control field 00787nam a22002057a 4500
005 - DATE AND TIME OF LATEST TRANSACTION
control field 20241206150600.0
008 - FIXED-LENGTH DATA ELEMENTS--GENERAL INFORMATION
fixed length control field 241206s2019 ru ||||| |||| 00| 0 rus d
020 ## - INTERNATIONAL STANDARD BOOK NUMBER
International Standard Book Number 9785961413908x
041 ## - LANGUAGE CODE
Language code of text/sound track or separate title rus
080 ## - UNIVERSAL DECIMAL CLASSIFICATION NUMBER
Universal Decimal Classification number 65.0(07) Ф-12
100 ## - MAIN ENTRY--PERSONAL NAME
Personal name Тэппинг, Дон
9 (RLIN) 23890
245 ## - TITLE STATEMENT
Title 5S для офиса :
Remainder of title т. 10 /
Statement of responsibility, etc. Томас Фабрицио, Дон Тэппинг.
264 ## - PRODUCTION, PUBLICATION, DISTRIBUTION, MANUFACTURE, AND COPYRIGHT NOTICE
Place of production, publication, distribution, manufacture Москва :
Name of producer, publisher, distributor, manufacturer Сбербанк,
Date of production, publication, distribution, manufacture, or copyright notice 2019.
300 ## - PHYSICAL DESCRIPTION
Extent 257 стр.:
Other physical details илл. ;
Dimensions 22 см.
440 ## - SERIES STATEMENT/ADDED ENTRY--TITLE
Title библиотека сбербанка
9 (RLIN) 23892
653 ## - INDEX TERM--UNCONTROLLED
keyword სამუშაო ადგილის ორგანიზება
653 ## - INDEX TERM--UNCONTROLLED
keyword მენეჯმენტი
700 ## - ADDED ENTRY--PERSONAL NAME
Personal name Томас, Фабрицио
Relator term ავტორი
9 (RLIN) 23891
942 ## - ADDED ENTRY ELEMENTS (KOHA)
Source of classification or shelving scheme
Koha item type წიგნი
ეგზემპლარები
Withdrawn status Lost status Source of classification or shelving scheme Damaged status Not for loan Permanent Location Current Location Shelving location Date acquired Cost, normal purchase price Full call number Barcode Date last seen Copy number Price effective from Koha item type Public note
          ბათუმის შოთა რუსთაველის სახელმწიფო უნივერსიტეტის მთავარი ბიბლიოთეკა ბათუმის შოთა რუსთაველის სახელმწიფო უნივერსიტეტის მთავარი ბიბლიოთეკა წიგნსაცავი 2024-12-06 213.00 65.0(07) Ф-12 69913 2024-12-06 69913 2024-12-06 წიგნი 213 ლ.